000 00474nam a2200169Ia 4500
001 7202
003 IN-NITTTR
005 20251114233026.0
008 251113s9999||||xx |||||||||||||| ||eng||
040 _beng
040 _cIN-NITTTR
041 _aeng
082 _a744.422 P223I
100 _aParkinson, A. C.
245 0 _aIntermediate engineering drawing including a course in plane and solid geometry and an introduction to design /
_cParkinson, A. C.
942 _2ddc
_cBK
999 _c9840
_d9840